Existencia : (Record no. 175189)

MARC details
000 -LEADER
campo de control de longitud fija 00958nam a22002655i 4500
001 - NÚMERO DE CONTROL
campo de control 175189
003 - IDENTIFICADOR DE NÚMERO DE CONTROL
campo de control ES-MaACL
005 - FECHA Y HORA DE LA ÚLTIMA TRANSACCIÓN
campo de control 20250822040306.0
008 - DATOS DE LONGITUD FIJA--INFORMACIÓN GENERAL
campo de control de longitud fija 101013s1967 sp |||| | spa d
080 ## - NÚMERO DE LA CLASIFICACIÓN DECIMAL UNIVERSAL
Número de la Clasificación Decimal Universal 615.851
080 ## - NÚMERO DE LA CLASIFICACIÓN DECIMAL UNIVERSAL
Número de la Clasificación Decimal Universal 616.89
245 00 - MENCIÓN DEL TÍTULO
Título Existencia :
Resto del título nueva dimensión en psiquiatría y psicología /
Mención de responsabilidad, etc. Rollo May, Ernest Angel, Henri F. Ellenberger (eds.) ; versión española de Cecilio Sánchez Gil.
260 ## - PUBLICACIÓN, DISTRIBUCIÓN, ETC.
Lugar de publicación, distribución, etc. Madrid :
Nombre del editor, distribuidor, etc. Gredos,
Fecha de publicación, distribución, etc. [1967]
300 ## - DESCRIPCIÓN FÍSICA
Extensión 523 p. ;
Dimensiones 24 cm.
490 1# - MENCIÓN DE SERIE
Mención de serie Biblioteca de psicología y psicoterapia ;
Designación de volumen o secuencia 7
650 #7 - PUNTO DE ACCESO ADICIONAL DE MATERIA--TÉRMINO DE MATERIA
Término de materia o nombre geográfico como elemento de entrada Psiquiatría
Fuente del encabezamiento o término embne
9 (RLIN) 16586
650 #4 - PUNTO DE ACCESO ADICIONAL DE MATERIA--TÉRMINO DE MATERIA
Término de materia o nombre geográfico como elemento de entrada Psicoterapia.
9 (RLIN) 16579
700 1# - ENTRADA AGREGADA--NOMBRE PERSONAL
Nombre de persona May, Rollo.
9 (RLIN) 79326
700 1# - ENTRADA AGREGADA--NOMBRE PERSONAL
Nombre de persona Ernest, Angel.
9 (RLIN) 143578
700 1# - ENTRADA AGREGADA--NOMBRE PERSONAL
Nombre de persona Ellenberger, Henri F.
9 (RLIN) 143579
700 1# - ENTRADA AGREGADA--NOMBRE PERSONAL
Nombre de persona Sánchez Gil, Cecilio.
9 (RLIN) 102671
830 10 - PUNTO DE ACCESO ADICIONAL DE SERIE-TÍTULO UNIFORME
Título uniforme Biblioteca de psicología y psicoterapia
Designación de volumen o secuencia 7
9 (RLIN) 189553
852 4# - LOCALIZACIÓN
Ubicación ES-MaACL
Número de control de estantería E-13362
Encuadernación Olim P-527-Ter
Holdings
Estatus retirado Estado de pérdida Estado de daño No para préstamo Biblioteca de origen Biblioteca actual Ubicación en estantería Fecha de adquisición Fuente de adquisición Total de préstamos Signatura topográfica completa Código de barras Visto por última vez Precio de reemplazo Tipo de ítem Koha
        Biblioteca del Ateneo de Madrid Biblioteca del Ateneo de Madrid Depósito 2 13/10/2010     E-13362 1183951 23/02/2023 23/02/2023 Libro impreso